000 00482nam a2200169 i 4500
001 135218
003 ES-MaACL
005 20230906194831.0
007 t|
008 070710s1911 xxk ||||1| eng d
100 1 _aTodhunter, Issac.
_9110406
245 1 0 _aA treatrise on the differential calculus /
_cby I. Todhunter.
260 _aLondon :
_bMacmillan Company,
_c1911.
300 _aVIII, 420 p. :
_bil. ;
_c19 cm.
500 _aEs reimpresión.
852 _aES-MaACL
_jF-4511
999 _c135218
_d135218